Hangman - United Kingdom Quiz Stats

Quiz not verified by Sporcle

Challenge
Share
Tweet
To make a guess at the hangman answer put an equals sign "=" before your guess. e.g. "=London". Even if you guess all the correct letters for the answer, you must enter it in full e.g. "=London" to end the quiz without further penalty.
Score 0/33 Timer 03:00
0 Plays Today
% Correct
???
99.8%
???
99.8%
???
99.2%
???
99.2%
???
99.2%
???
99.2%
???
99.1%
???
99.1%
???
98.8%
???
98.8%
???
98.8%
???
98.6%
???
98.6%
???
96.1%
???
95.9%
???
95.7%
???
94.6%
% Correct
???
94.2%
???
91.8%
???
90.4%
???
86.4%
???
81.8%
???
81.7%
???
77.5%
???
76.1%
???
74.8%
???
69.4%
???
68.9%
???
55.7%
???
52.3%
???
49.1%
???
48.5%
???
34.2%

You're not logged in!

Compare scores with friends on all Sporcle quizzes.
Join for Free
OR
Log In

You Might Also Like...

Show Comments

Extras

Top Quizzes Today


Score Distribution

Your Account Isn't Verified!

In order to create a playlist on Sporcle, you need to verify the email address you used during registration. Go to your Sporcle Settings to finish the process.

Report this User

Report this user for behavior that violates our Community Guidelines.

Details: